000 00299nam a2200121Ia 4500
008 220204s9999 xx 000 0 und d
020 _aISSN09752250
082 _a0582015
_bMAN
245 0 _aManorama yearbook 2015. Ed.50
250 _a50
260 _aKottayam
_bMalayala Manorama;2015
942 _cBK
999 _c43168
_d43168